000 00395nam a2200145 a 4500
005 20140310183322.0
008 060309s19uu xx 00 eng d
050 _aPZ 7
_b.B972 1973
100 _aBurroughs, Edgar Rice
245 _aThe wizard of Venus /
_cEdgar Rice Burroughs.
260 _aNew York :
_bAce Books,
_c1973.
300 _a158 p. :
_c17 cm.
942 _cBK
_2lcc
999 _c21438
_d21438